The end(s) of economics and economic sociology /
Збережено в:
| Автор: | |
|---|---|
| Формат: | Текст |
| Теги: |
Додати тег
Немає тегів, Будьте першим, хто поставить тег для цього запису!
|
MARC
| LEADER | 00000 a a2200000 04500 | ||
|---|---|---|---|
| 001 | 47204 | ||
| 003 | |||
| 040 | |||
| 100 | |a Ross, Sandy | ||
| 245 | |a The end(s) of economics and economic sociology / |c Sandy Ross | ||
| 773 | |g volumen29, número5, (2014), páginas 374-383 | ||
| 999 | |c 25409 |d 25409 | ||
